Recopilación de doctrina legal : 2001 /

Guardado en:
Formato: Libro
Idioma:Spanish
Publicado: Valencia : Consejo, 2002
Etiquetas: Agregar Etiqueta
Sin Etiquetas, Sea el primero en etiquetar este registro!
LEADER 00374nam a22001095a 4500
001 DER.der001573
005 20060519000000.0
008 180615s2002####||||||||||||||||||||spa||
020 |a 84-482-2941-X 
245 1 0 |a Recopilación de doctrina legal :  |b 2001 /  |c  Consejo Jurídico Consultivo de la Comunidad valenciana 
260 |a Valencia :  |b Consejo,  |c 2002 
859 |a DERECHO  |b BIB. DERECHO  |i CON  |p 003634